=LDR 00000nam 2200000 4500 =001 INLIS000000000034608 =005 20130612140516 =008 ***********************************ind** =035 ##$$0010-061300000034608 =041 ##$$a ind =082 ##$$a 372.7 =090 ##$$a 372.7, Dra,m =100 ##$$a Drajat =245 ##$$a Matematika Yang Kuman 14, Sahabat Belajar Matematika Siswa SD Klas 1, Drajat, Khafid Ahmad, Siti Umaya; Editor, Ahmad Mahrus =260 ##$$a 2007 $b Bandung =300 ##$$a x,149 hlm, Illus., 25 cm =650 ##$$a Pendidikan Dasar Matematika =700 ##$$a Ahmad,Khafid =850 ##$$a NBPNMAT